00372pab a2200133 454500008004000000100002800040245004700068260000900115300001500124362000800139650004300147650002800190773002000218180718b2014 xxu||||| |||| 00| 0 eng d aMajumdar, Anindya Jyoti aMaking sense of India-Bangladesh relations c2014 ap.327-340. aDec aIndia - Foreign relations - Bangladesh aInternational relations aIndia Quarterly